Historia política o historia del poder? Reflexiones sobre un libro reciente de Tulio Halperin D. /

Spremljeno u:
Bibliografski detalji
Glavni autor: Pérez Brignoli, Héctor
Format: Tekst
Oznake: Dodaj oznaku
Bez oznaka, Budi prvi tko označuje ovaj zapis!

MARC

LEADER 00000 a a2200000 04500
001 7793
003
040
100 |a Pérez Brignoli, Héctor  
245 |a Historia política o historia del poder? Reflexiones sobre un libro reciente de Tulio Halperin D. /  |c Héctor Pérez Brignoli 
773 |g número 10; páginas 125-139  
999 |c 38187  |d 38187